000 00702nam a2200265 a 4500
001 000114324
003 CHAP
005 20220329144436.0
008 180111s2013 mx |r| ||||||spa d
010 _a110785
011 _a111757
020 _a9789706272492
040 _cCHAP
082 0 4 _a135
_bI61
245 0 0 _aInterpretación de sueños y pesadillas.
260 _aMéxico, D.F. :
_bÉpoca,
_c[2013].
300 _a95 p.
590 _aBATCH-UPD
_b05
_c20180111
_lUCH01
_h0915
590 _aE11695DGD
_b10
_c20180207
_lUCH01
_h1314
590 _aE5765TAJ
_b05
_c20180111
_lUCH01
_h0914
650 1 4 _aInterpretación de los sueños.
_9134272
901 _aBK
942 _cLIBRO
942 _n0
999 _c110785
_d110785